Alle Konsonanten - Sudden Death - Statistiken

Allgemein
  • Dieses Quiz wurde 838 mal gespielt
  • Das Durchschnittsergebnis liegt bei 20 aus 21
Answers on the Grid
Answers color-coded by a green-red scale on the quiz's grid according to % correct below.
A
B
C
D
E
F
G
H
I
J
K
L
M
N
O
P
Q
R
S
T
U
V
W
X
Y
Z
 
Antwortstatistiken
Antwort % Korrekt
B
99%
D
99%
C
98%
F
98%
G
98%
H
98%
J
97%
K
97%
L
97%
M
97%
N
97%
P
96%
Q
96%
R
96%
S
96%
T
96%
V
95%
W
95%
X
95%
Y
95%
Z
95%
Keine übereinstimmenden Quizze gefunden
Verteilung der Resultate
Anzahl Personen mit jedem Resultat
Perzentil nach korrekt beantworteten Fragen
Ihre Resultats-Entwicklung
Sie haben dieses Quiz noch nicht gespielt